000 00223nam a22000857a 4500
008 170327b xxu||||| |||| 00| 0 eng d
100 _93052
_aWanchoo.I.L.
245 _aSocial Science-History-IX
260 _aNew Delhi
_bG.B.P.
_c2010
999 _c6321
_d6321